| 000 | 00592nam a22001937a 4500 | ||
|---|---|---|---|
| 003 | OSt | ||
| 005 | 20260122033800.0 | ||
| 008 | 260122b |||||||| |||| 00| 0 eng d | ||
| 020 | _a0-06-075695-7 | ||
| 040 |
_aDWC-Main lib _cOC |
||
| 082 | _aCirc. 226.092 T839j 1998 | ||
| 100 | _aTrotta, Liz | ||
| 245 |
_aJune : _ba pilgrimage to the saint of last resort/ _cLiz Trotta |
||
| 260 |
_aN.Y : _b Harper Collins , _cc1998. |
||
| 300 |
_ax , 270 pages : _b illustrations ; _c 20cm. |
||
| 650 | _a1. Jude, Saint - Cult | ||
| 650 | _a2. Jude, Saint - Legends | ||
| 942 |
_2ddc _cBK-CIRC _kCirc. _n0 |
||
| 999 |
_c7679 _d7679 |
||